zpět

Detail výsledku týmu

U Opata, Pardubice

Datum a čas kvízu

29.5 Celkem bodů Celkový počet nahraných bodů na tomto kvízu bez doplňovacích otázek.
4. Pořadí na kvízu Konečné umístění týmu na tomto kvízu.

Zaznamenané odpovědi

# Otázka Odpověď Body Výsledky
1. Poslanci jedné parlamentní str... 1
2. Německá kancléřka Angela Merke... 0
3. Minulou středu byla ve Valašsk... 0
4. Společnost Agrofert opouští po... 0
5. Jak se jmenuje česká biatlonis... 1
21. Nejdelší had na světě chovaný... 0
22. Přiřaďte k sobě rodová a druho... 0
23. Od želv se můžeme dostat ke Ga... 0
24. Jak se nazývá tento živočich?... 0
25. Kteří dva herci ztvárnili dvě... 1